Statistics for Ultimate King Kong Characters Quiz

Click here to take the quiz!

General Stats

  • This quiz has been taken 45 times
    (35 since last reset)
  • The average score is 7 of 41

Answer Stats

HintMovieAnswer% Correct
Giant ApeAllKing Kong
96%
Out of Work ActressKing Kong, King KongAnn Darrow
36%
Crazy DirectorKing Kong, King KongCarl Denham
36%
Script WriterKing KongJack Driscoll
36%
StowawayKing KongJack Prescott
32%
Captain of the VentureKing Kong, King KongCaptain Englehorn
28%
Giant LizardKing Kong Vs GodzillaGodzilla
28%
Brave Crew Member Of The VentureKing KongHayes
28%
Crew Member Of The VentureKing KongJimmy
28%
Crew Member Of The VentureKing KongLumpy
28%
PhotographerKong: Skull IslandMason Weaver
28%
Assistant Of The Crazy DirectorKing KongPreston
28%
ActorKing KongBruce Baxter
24%
TrackerKong: Skull IslandJames Conrad
24%
Monarch ScientistKong: Skull IslandBill Randa
20%
Chef Of The VentureKing KongChoy
20%
Film MakerKing KongHerb
20%
Army GeneralKong: Skull IslandPreston Packard
20%
Film MakerKing KongMike
16%
SoldierKong: Skull IslandCole
12%
Pilot Who Crashed On Skull Island During WW IIKong: Skull IslandHank Marlow
12%
SoldierKong: Skull IslandJack Chapman
12%
Female Giant ApeKing Kong LivesLady Kong
12%
Smaller Giant ApeSon of KongSon of Kong
12%
GeologistKong: Skull IslandHouston Brooks
8%
SoldierKong: Skull IslandMills
8%
SoldierKong: Skull IslandSlivko
8%
Expedition MemberKong: Skull IslandVictor Nieves
8%
CommanderKing Kong EscapesCarl Nelson
4%
Member of CrewKing KongCarnahan
4%
Man On The VentureKing KongCharles Weston
4%
Evil ScientistKing Kong EscapesDr. Who
4%
Robot ApeKing Kong EscapesKingukongu
4%
Expedition MemberKong: Skull IslandLandsat Steve
4%
Lead NativeKing KongNative Chief
4%
GeologistKong: Skull IslandSan
4%
Oil RiggerKing KongBoan
0%
CaptainKing KongCaptain Ross
0%
Oil RiggerKing KongJoe Perko
0%
SoldierKong: Skull IslandReles
0%
ScientistKing KongRoy Bagley
0%

Score Distribution

Percentile by Number Answered

Percent of People with Each Score

Your Score History

You have not taken this quiz since the last reset